International Journal of Military History and Historiography.

محفوظ في:

التنسيق: دورية

اللغة: Undetermined

الموضوعات:

الوصول للمادة أونلاين: Login to view Source

الوسوم: إضافة وسم

لا توجد وسوم, كن أول من يضع وسما على هذه التسجيلة!

رقم الطلب:

LEADER 00576nms a2200181Ia 4500
005 20240402052856.0
008 240131s9999||||xx |||||||||||||||||und||
999 |c 56412  |d 56412 
022 |a 2468-3299 
022 |a 2468-3302 
245 0 0 |a International Journal of Military History and Historiography. 
336 |2 rdacontent  |a text  |b txt 
337 |2 rdamedia  |a unmediated  |b n 
338 |2 rdacarrier  |a volume  |b n 
500 |a 2023 increase # pages increase # issues. 
650 4 |a Military history. 
856 |z IJMH  |u https://brill.com/view/journals/ijmh/ijmh-overview.xml 
942 |2 lcc  |c EJL